| 000 | 00480nam a2200145Ia 4500 | ||
|---|---|---|---|
| 041 | _aArabic | ||
| 082 | _a345 cut-694 س | ||
| 100 | _a20260118u\\\\\\\\\\\y0engy0103\\\\ba | ||
| 100 | _aكامران رسول سعيد | ||
| 245 | 0 | _aالمبادئ والقرارات الهامة لمحكمة جنايات اربيل لسنوات ٢٠٠٩ - ٢٠١٣ الجزء الاول | |
| 250 | _aط1 | ||
| 260 |
_bمطبعةهونەر _aاربيل _c2015 |
||
| 300 | _a237 | ||
| 942 | _cBk | ||
| 999 |
_c188189 _d188189 |
||